El oficio de ser alumno, en jóvenes de liceo de sector popular
Salvato in:
| Autore principale: | |
|---|---|
| Natura: | Libro |
| Lingua: | spagnolo |
| Pubblicazione: |
Santiago
Universidad Católica Cardenal Raúl Silva Henríquez
2001
|
| Serie: | Investigación, 19
|
| Soggetti: | |
| Tags: |
Aggiungi Tag
Nessun Tag, puoi essere il primo ad aggiungerne!!
|
MARC
| LEADER | 00000nam a2200000 a 4500 | ||
|---|---|---|---|
| 001 | UCN9389 | ||
| 003 | CL-VaPUC | ||
| 008 | 011130e20010000CL |||||||||||||||||spa|d | ||
| 082 | 0 | 4 | |a 373.18 |b BAE |2 21 |
| 100 | 0 | |a Baeza Correa, Jorge |e author |9 465989 | |
| 245 | 1 | 3 | |a El oficio de ser alumno, en jóvenes de liceo de sector popular |
| 300 | |a 182 p | ||
| 942 | |c BK | ||
| 945 | |d 20011130 00:00:00 |a crobeson | ||
| 260 | |a Santiago |b Universidad Católica Cardenal Raúl Silva Henríquez |c 2001 | ||
| 650 | 7 | |a JOVENES DE ESCASOS RECURSOS |2 CL-VaPUC |9 462709 | |
| 650 | 0 | |a Sociología de la educación |9 260380 | |
| 583 | |a last modification |c 20011130 00:00:00 |k Rodrigo Vera | ||
| 490 | 0 | |a Investigación, 19 | |
| 999 | |c 298827 |d 298825 | ||
| 952 | |0 0 |1 0 |4 0 |6 373_180000000000000_BAE_2001 |7 0 |8 A |9 354768 |a BIBEDU |b BIBEDU |d 2019-11-21 |i 378004K |o 373.18 BAE 2001 |p 378004K |r 2019-11-21 |w 2019-11-21 |y BK |k BME | ||